Welcome to the Holygrace Academy Library

Please use search bar below to get started

GREAT LIVES- MESSENGERS OF GOD (Record no. 6359)

MARC details
000 -LEADER
fixed length control field 00317nam a22001337a 4500
020 ## - INTERNATIONAL STANDARD BOOK NUMBER
ISBN 81-87834-51-X
082 ## - DEWEY DECIMAL CLASSIFICATION NUMBER
Classification number 920
Item number RAM/G
100 ## - MAIN ENTRY--AUTHOR NAME
Personal name RAMAN,RAJEE
245 ## - TITLE STATEMENT
Title GREAT LIVES- MESSENGERS OF GOD
260 ## - PUBLICATION, DISTRIBUTION, ETC. (IMPRINT)
Place of publication CHENNAI
Name of publisher SEASONS PUBLISHING HOUSE
300 ## - PHYSICAL DESCRIPTION
Number of Pages 115
650 ## - SUBJECT ADDED ENTRY--TOPICAL TERM
Topical Term MESSENGERS OF GOD
Geographic subdivision CHENNAI
942 ## - ADDED ENTRY ELEMENTS (KOHA)
Koha item type Books
Holdings
Withdrawn status Lost status Collection code Home library Current library Shelving location Date acquired Source of acquisition Full call number Accession Number Koha item type
    Reference Main Library Main Library SHELF-17-L-BIOGRAPHIES & AUTOBIOGRAPHIES 07/10/2006 PURCHASE 920 RAM/G 03205 Books